[Event "Twente Young Master op-A"]
[Site "Twente"]
[Date "2007.08.10"]
[Round "7"]
[White "Bollen, Guus"]
[Black "Kaptein, Frank"]
[Result "1-0"]
[WhiteElo "1870"]
[BlackElo "1642"]
[PlyCount "43"]
[EventDate "2007.08.06"]
[EventType "swiss"]
[EventRounds "9"]
[EventCountry "NED"]
[SourceTitle "EXT 2008"]
[Source "ChessBase"]
[SourceDate "2007.11.25"]
[SourceVersion "1"]
[SourceVersionDate "2007.11.25"]
[SourceQuality "1"]

1. d4 Nf6 2. c4 g6 3. Nc3 d5 4. cxd5 Nxd5 5. e4 Nxc3 6. bxc3 Bg7 7. Bc4 0-0 8. Rb1 c5 9. Ne2 Nc6 10. Be3 Qc7 11. Qc1 e6 12. 0-0 cxd4 13. cxd4 Na5 14. Bd3 Qxc1 15. Rfxc1 b6 16. Bd2 Rd8 17. e5 Bxe5 18. Bxa5 Bxd4 19. Be4 Ba6 20. Nxd4 Bd3 21. Bxa8 Bxb1 22. Bc3 1-0

[Event "Hengelo U16 op"]
[Site "Hengelo"]
[Date "2005.08.11"]
[Round "6"]
[White "Kaptein, Frank"]
[Black "Springelkamp, Petra"]
[Result "1-0"]
[WhiteElo "1359"]
[BlackElo "1280"]
[PlyCount "55"]
[EventDate "2005.08.??"]
[EventType "swiss"]
[EventRounds "9"]
[EventCountry "NED"]
[SourceTitle "CBM 107 Extra"]
[Source "ChessBase"]
[SourceDate "2005.09.01"]
[SourceVersion "1"]
[SourceVersionDate "2005.09.01"]
[SourceQuality "1"]

1. e4 e5 2. Nf3 Nc6 3. Bc4 Bc5 4. b4 Bb6 5. b5 Na5 6. Nxe5 Nxc4 7. Nxc4 Qf6 8. Nxb6 Qxa1 9. Nxa8 Qxb1 10. Nxc7+ Kd8 11. Nd5 Qxb5 12. d3 Ne7 13. Qh5 Nxd5 14. Qxd5 Qxd5 15. exd5 Re8+ 16. Be3 d6 17. 0-0 a6 18. c4 Bf5 19. d4 Bd3 20. Rc1 Kd7 21. Rc3 Bf5 22. h3 Bb1 23. Rb3 Bxa2 24. Rxb7+ Kc8 25. Rxf7 Bxc4 26. Rxg7 Bxd5 27. Rxh7 Kb8 28. Rd7 1-0

[Event "Hengelo U16 op"]
[Site "Hengelo"]
[Date "2005.08.09"]
[Round "2"]
[White "Planjer, Frank"]
[Black "Kaptein, Frank"]
[Result "1-0"]
[WhiteElo "1590"]
[BlackElo "1359"]
[PlyCount "44"]
[EventDate "2005.08.??"]
[EventType "swiss"]
[EventRounds "9"]
[EventCountry "NED"]
[SourceTitle "CBM 107 Extra"]
[Source "ChessBase"]
[SourceDate "2005.09.01"]
[SourceVersion "1"]
[SourceVersionDate "2005.09.01"]
[SourceQuality "1"]

1. e4 Nf6 2. Nc3 d5 3. e5 Nfd7 4. d4 c5 5. Be3 e6 6. f4 Nc6 7. Nf3 Be7 8. Qd2 f6 9. Na4 cxd4 10. Nxd4 Nxd4 11. Bxd4 fxe5 12. fxe5 Qc7 13. Be2 Nxe5 14. 0-0 Bf6 15. Bh5+ Ke7 16. Rae1 Nc4 17. Qb4+ Qd6 18. Bc5 Qxc5+ 19. Nxc5 g6 20. Bg4 b6 21. Bxe6 bxc5 22. Bxd5+ Ne5 1-0

[Event "Hengelo U16 op"]
[Site "Hengelo"]
[Date "2005.08.08"]
[Round "1"]
[White "Kaptein, Frank"]
[Black "Bomans, Arno"]
[Result "0-1"]
[WhiteElo "1359"]
[BlackElo "1690"]
[PlyCount "52"]
[EventDate "2005.08.??"]
[EventType "swiss"]
[EventRounds "9"]
[EventCountry "NED"]
[SourceTitle "CBM 107 Extra"]
[Source "ChessBase"]
[SourceDate "2005.09.01"]
[SourceVersion "1"]
[SourceVersionDate "2005.09.01"]
[SourceQuality "1"]

1. e4 c6 2. d4 d5 3. exd5 cxd5 4. c4 Nf6 5. Nc3 Nc6 6. Nf3 Bg4 7. Qb3 Na5 8. Qb5+ Bd7 9. Qb4 dxc4 10. Bf4 e5 11. Qxa5 Qxa5 12. Nxe5 Nd5 13. Bd2 Nxc3 14. Bxc3 Bb4 15. Rc1 Be6 16. Bxc4 Bxc4 17. Nxc4 Bxc3+ 18. bxc3 Qc7 19. Ne3 0-0 20. 0-0 Rfd8 21. Rfd1 Rd7 22. c4 Rc8 23. h3 Qf4 24. g3 Qh6 25. Kg2 g6 26. Nd5 Rxd5 0-1